Los espectros del castillo (Record no. 29812)

MARC details
000 -LEADER
campo de control de longitud fija 00719nam a2200217 i 4500
001 - NÚMERO DE CONTROL
campo de control 29812
003 - IDENTIFICADOR DE NÚMERO DE CONTROL
campo de control ES-MaACL
005 - FECHA Y HORA DE LA ÚLTIMA TRANSACCIÓN
campo de control 20231224062914.0
007 - CAMPO FIJO DE DESCRIPCIÓN FÍSICA--INFORMACIÓN GENERAL
campo de control de longitud fija t|
008 - DATOS DE LONGITUD FIJA--INFORMACIÓN GENERAL
campo de control de longitud fija 030123s1941 sp |||| | spa d
100 1# - ENTRADA PRINCIPAL--NOMBRE DE PERSONA
Nombre de persona Baroja, Pío,
Fechas asociadas al nombre 1872-1956
9 (RLIN) 25752
245 14 - MENCIÓN DEL TÍTULO
Título Los espectros del castillo
Resto del título ; Las familias enemigas ; La caja de música ; Los herejes milenaristas ; La pasión igualitaria /
Mención de responsabilidad, etc. Pío Baroja.
260 ## - PUBLICACIÓN, DISTRIBUCIÓN, ETC.
Lugar de publicación, distribución, etc. Barcelona :
Nombre del editor, distribuidor, etc. Pallas,
Fecha de publicación, distribución, etc. 1941 (
Fabricante Talls. Gráfs. Rex)
300 ## - DESCRIPCIÓN FÍSICA
Extensión 183 p. ;
Dimensiones 20 cm.
740 42 - ENTRADA AGREGADA--TÍTULO RELACIONADO/ANALÍTICO NO CONTROLADO
Título relacionado o analítico no controlado Las familias enemigas.
740 32 - ENTRADA AGREGADA--TÍTULO RELACIONADO/ANALÍTICO NO CONTROLADO
Título relacionado o analítico no controlado La caja de música.
740 42 - ENTRADA AGREGADA--TÍTULO RELACIONADO/ANALÍTICO NO CONTROLADO
Título relacionado o analítico no controlado Los herejes milenaristas.
740 32 - ENTRADA AGREGADA--TÍTULO RELACIONADO/ANALÍTICO NO CONTROLADO
Título relacionado o analítico no controlado La pasión igualitaria.
852 ## - LOCALIZACIÓN
Ubicación ES-MaACL
Número de control de estantería F-14748
Holdings
Estatus retirado Estado de pérdida Estado de daño No para préstamo Biblioteca de origen Biblioteca actual Ubicación en estantería Fecha de adquisición Fuente de adquisición Total de préstamos Signatura topográfica completa Código de barras Visto por última vez Precio de reemplazo Tipo de ítem Koha
        Biblioteca del Ateneo de Madrid Biblioteca del Ateneo de Madrid Sala Pecera Planta 2 17/01/2008     F-14748 1030780 23/02/2023 23/02/2023 Libro impreso